| 000 | 00775cam a2200217 a 4500 | ||
|---|---|---|---|
| 001 | 000006192 | ||
| 005 | 20200929151952.0 | ||
| 008 | 910307s1969 ve 001 0 spa | ||
| 040 |
_aDO-SdBNP _cNIC _dDLC |
||
| 082 |
_aV861.4 _bM149c |
||
| 100 | 1 |
_aMachado, Luz, _d1916-1999. _917347 |
|
| 245 | 1 | 3 |
_aLa ciudad instantánea : _ba Caracas / _cLuz Machado. |
| 260 |
_aCaracas : _bLetras de Venezuela : _bDirección de Cultura : _bUniversidad Central de Venezuela, _c1969. |
||
| 300 |
_a99 p. ; _c20 cm. |
||
| 490 | 1 |
_aLetras de Venezuela, _vno. 22 |
|
| 504 | _aIncluye referencias bibliográficas: p (5). | ||
| 650 | 4 |
_aPoesìa venezolana _917326 |
|
| 650 | 4 |
_aLiteratura venezolana _93816 |
|
| 830 | 0 |
_aLetras de Venezuela, _vno. 22 _917348 |
|
| 910 | _aCatalogación por copia / LC | ||
| 999 |
_c5987 _d5987 |
||